000 00315nam a22001337a 4500
020 _a9781466552098
082 _a624.15136
_bPOW/SO
100 _aPowrie, William
_9500
245 _aSoil Mechanics: Concepts And Applications
250 _a3rd
260 _aNew York
_bCRC Press
_c2014
300 _a654
942 _cBK
999 _c14344
_d14344